International politics on the world stage

সংরক্ষণ করুন:
গ্রন্থ-পঞ্জীর বিবরন
প্রধান লেখক: Rourke, John T
বিন্যাস: গ্রন্থ
প্রকাশিত: Dushkin/McGraw-Hill 1999
ট্যাগগুলো: ট্যাগ যুক্ত করুন
কোনো ট্যাগ নেই, প্রথমজন হিসাবে ট্যাগ করুন!
Thư viện lưu trữ: Mạng thư viện Đại học Đà Nẵng
LEADER 00556nam a2200229 a 4500
001 000029191
003 17604
005 20171030145630.0
008 171030s1999
040 |a LTT 
082 0 |a 327  |b RO-J 
100 1 |a Rourke, John T 
245 0 0 |a International politics on the world stage  |c John T. Rourke. 
260 |b Dushkin/McGraw-Hill  |c 1999 
500 |a ASIA 
OWN |a LTT 
999 |a From the UDN01 
TYP |a Monograph 
TYP |a Printed language 
980 |a Mạng thư viện Đại học Đà Nẵng